000 00733nam a2200229Ia 4500
003 GCL
008 140319s9999 xx 000 0 ara d
040 _aGCL /
_cGCL
082 0 4 _a301.24
_bس د
100 1 _aسالم عبد العزيز محمود
245 1 0 _aدراسات سوسيولوجية وانثروبولوجية فى المجتمع المصرى /
_cسالم عبد العزيز محمود
260 _a[S.N] :
_bدار المعارف ،
_c1980
300 _a238 ص
490 _a
650 0 4 _aالعصر الحديث
650 0 4 _aمصر
650 0 4 _aتاريخ
650 0 4 _aالمجتمع
650 0 4 _aالمجتمعات الريفية
650 0 4 _aالتغير الاجتماعى
942 _2ddc
_cBK
999 _c55580
_d55580